[Event "Reykjavik op"]
[Site "Reykjavik"]
[Date "2025.04.11"]
[Round "4"]
[White "Seum, Ferdinand"]
[Black "Ishitsu, Mike"]
[Result "1/2-1/2"]
[WhiteElo "1772"]
[BlackElo "1486"]
[PlyCount "135"]
[EventDate "2025.04.09"]
[EventType "swiss"]
[EventRounds "9"]
[EventCountry "ISL"]
[SourceTitle "CB17_2025"]
[SourceDate "2025.04.23"]
[SourceVersion "1"]
[SourceVersionDate "2025.04.23"]
[SourceQuality "1"]

1. c4 e5 2. Nc3 d6 3. g3 f5 4. d4 Be7 5. Bg2 Nf6 6. dxe5 dxe5 7. Qxd8+ Bxd8 8. b3 c6 9. e4 Ba5 10. Bd2 f4 11. gxf4 exf4 12. h4 0-0 13. Nge2 Ng4 14. f3 Ne3 15. Bxe3 fxe3 16. 0-0-0 Nd7 17. Kc2 Ne5 18. Rhf1 Be6 19. Na4 b5 20. Rd6 Bf7 21. cxb5 cxb5 22. Nac3 Rac8 23. Kb2 b4 24. Nd5 Nd3+ 25. Kb1 Bxd5 26. Rxd5 Nc5 27. Bh3 Rc7 28. Nd4 Bb6 29. Rd1 Kh8 30. Ne6 Nxe6 31. Bxe6 Re7 32. Bg4 Ree8 33. Kc2 Rd8 34. Rxd8 Bxd8 35. Kd3 Bb6 36. Kc4 a5 37. Kb5 Rb8 38. Kc6 Bd8 39. Re1 Bb6 40. f4 Bd4 41. Rd1 Bc3 42. Rd5 Ra8 43. Kb7 Rf8 44. Rxa5 h6 45. f5 Re8 46. Ra8 Rxa8 47. Kxa8 Kg8 48. Kb7 Kf7 49. Kc6 Kf6 50. Kd5 Bb2 51. Be2 Bc3 52. Bf3 Bb2 53. Kc4 Bc3 54. a3 Be1 55. axb4 Bxh4 56. Kd5 Bg3 57. b5 Kg5 58. b6 h5 59. b7 Bb8 60. Kd4 Ba7+ 61. Kd3 h4 62. b4 Kf4 63. Ke2 h3 64. b5 h2 65. Bh1 Bb8 66. Bf3 Ba7 67. Bg2 Bb8 68. Bh1 1/2-1/2